|
|
|
|
| LEADER |
00933nam a2200253 a 4500 |
| 001 |
106290 |
| 008 |
091122s1996 nyu 000 0 eng d |
| 010 |
|
|
|a 96196244
|
| 020 |
|
|
|a 0195211081
|
| 020 |
|
|
|a 0195211073
|
| 040 |
|
|
|a WU
|c WU
|d DLC
|
| 082 |
0 |
0 |
|a 338.947
|2 21
|
| 245 |
0 |
0 |
|a From plan to market
|
| 260 |
|
|
|a Washington, D.C. :
|b World Bank,
|c 1996.
|
| 300 |
|
|
|a ix, 241 p. :
|b ill. ;
|c 27 cm.
|
| 490 |
0 |
|
|a World development report ;
|v 1996
|
| 541 |
1 |
|
|e 00006352
|
| 651 |
|
0 |
|a Europe, Eastern
|x Economic policy
|y 1989-
|
| 651 |
|
0 |
|a Former Soviet republics
|x Economic policy.
|
| 651 |
|
0 |
|a Mixed economy
|z Former Soviet republics.
|
| 710 |
2 |
|
|a World Bank.
|
| 852 |
4 |
|
|a Ayesha Abed Library
|j General Shelf
|
| 999 |
|
|
|c 5907
|d 5907
|
| 952 |
|
|
|0 0
|1 0
|2 ddc
|4 0
|6 338_947000000000000_FRO_1996
|7 0
|9 5895
|a BRACUL
|b BRACUL
|c GEN
|d 2009-12-06
|g 0.00
|l 0
|o 338.947 FRO
|p 3010006352
|r 2009-12-06
|t 1
|w 2009-12-06
|y BK
|x No price found in the accession register.
|